| 000 | 00578njm a2200229 c 4500 | ||
|---|---|---|---|
| 003 | BLK | ||
| 005 | 20180413144442.0 | ||
| 008 | 180410b bul||n||s|||||||| n|bulo| | ||
| 010 | _aCDD00007345000 | ||
| 040 | _aBLK | ||
| 041 |
_aBUL _cENG |
||
| 139 |
_aSilver Strings [CD аудио] _bS 60 |
||
| 245 | 1 | 0 |
_aSilver Strings [CD аудио] _nCD 3 |
| 257 | _aBGR | ||
| 260 |
_аLondon _c2007 |
||
| 380 | _a7 | ||
| 852 |
_aЦб CD 3430 _p0 |
||
| 856 | 4 |
_qpdf _u |
|
| 856 | 4 |
_qpdf _u |
|
| 942 |
_cCDD _n0 |
||
| 944 |
_aCR _c05.04.2013 _kВиолета_Тройчева |
||
| 944 |
_aED _c05.04.2013 _k |
||
| 999 |
_c226223 _d226223 |
||